|
|
|
|
| LEADER |
01324nam a2200349Ii 4500 |
| 001 |
36342 |
| 003 |
BD-DhAAL |
| 005 |
20211129111544.0 |
| 008 |
191009t2019 sz ob 001 0 eng d |
| 999 |
|
|
|c 40878
|d 40878
|
| 020 |
|
|
|a 9783030115876
|
| 020 |
|
|
|a 3030115879
|
| 020 |
|
|
|z 9783030115869
|
| 035 |
|
|
|a (OCoLC)1088407337
|
| 040 |
|
|
|a N$T
|b eng
|e rda
|e pn
|c N$T
|d N$T
|d BD-DhAAL
|
| 043 |
|
|
|a a-bg---
|
| 049 |
|
|
|a MYGG
|
| 050 |
|
4 |
|a HC440.8
|
| 082 |
0 |
4 |
|a 338.95492
|2 23
|
| 100 |
1 |
|
|a Quibria, M. G.
|q (Muhammad Ghulam),
|e author.
|9 35835
|
| 245 |
1 |
0 |
|a Bangladesh's road to long-term economic prosperity :
|b risks and challenges /
|c M.G. Quibria.
|
| 260 |
|
|
|a Cham :
|b Springer International Publishing ;
|b Palgrave Pivot,
|c 2019.
|
| 300 |
|
|
|a xvii, 130 pages :
|b illustrations ;
|c 22 cm.
|
| 504 |
|
|
|a Includes bibliographical references and index.
|
| 526 |
|
|
|a BBS
|
| 541 |
|
|
|a Trim Education
|e 36342
|
| 650 |
|
|
|a Business & finance.
|9 43347
|
| 651 |
|
0 |
|a Bangladesh
|x Economic conditions.
|9 35836
|
| 651 |
|
0 |
|a Bangladesh
|x Economic policy.
|9 35837
|
| 852 |
|
|
|a Ayesha Abed Library
|c General Stacks
|
| 942 |
|
|
|2 ddc
|c BK
|
| 952 |
|
|
|0 0
|1 0
|2 ddc
|4 0
|6 338_954920000000000_QUI
|7 0
|9 66647
|a BRACUL
|b BRACUL
|c GEN
|d 2019-10-01
|e Trim Education
|g 3989.00
|l 3
|m 15
|o 338.95492 QUI
|p 3010036342
|r 2025-11-09
|s 2025-10-28
|t 1
|v 3989.00
|w 2019-10-01
|y BK
|